عرض عادي عرض مارك
  • عساف، أحمد عارف

مدخل إسم شخص

عدد التسجيلات المستخدمة في: 3

001 - رقم الضبط

  • حقل الضبط: 9700

003 - معرف رقم الضبط

  • حقل الضبط: OSt

005 - تاريخ ووقت أخر عملية

  • حقل الضبط: 20120226115132.0

008 - عناصر بيانات ثابتة الطول

  • حقل تحكم ثابت الطول: 120226|||a|||||| | ||| d

040 ## - مصدر الفهرسة

  • هيئة الفهرسة الأصلية: OSt
  • وكالة الكتابة: OSt

100 ## - مدخل -- أسم شخص

  • إسم شخص: عساف، أحمد عارف

670 ## - بيانات المصدر موجوده

  • الاستشهاد بالمصدر: Work cat.: (OSt): الوادي، محمود حسين 9694, الاقتصاد الجزئي, 2009